[Event "Tournoi Skype 020B"]
[Site "Skype"]
[Date "????.??.??"]
[Round "6.27"]
[White "Borg, Anthony"]
[Black "Lecluyse, Koenraad"]
[Result "1-0"]
[WhiteElo "1000"]
[BlackElo "1208"]
[PlyCount "47"]

1. e4 e6 2. c4 c5 3. Nf3 d6 4. d4 cxd4 5. Qxd4 Nc6 6. Qe3 e5 7. Nc3 Be7 8. Be2
h6 9. O-O Nf6 10. Rd1 Bg4 11. c5 d5 12. Nxd5 Nxd5 13. exd5 Nd4 14. Nxd4 exd4
15. Rxd4 Bxe2 16. d6 O-O 17. dxe7 Qc7 18. exf8=Q+ Kxf8 19. Qxe2 Qxc5 20. Be3
Re8 21. Rc4 Qb6 22. Bc5+ Kg8 23. Qxe8+ Kh7 24. Bxb6 1-0

[Event "Tournoi Skype 020B"]
[Site "Skype"]
[Date "????.??.??"]
[Round "6.29"]
[White "Alverson, Ginny"]
[Black "Homme, Jim"]
[Result "0-1"]
[WhiteElo "1146"]
[BlackElo "1204"]
[PlyCount "62"]

1. Nf3 Nf6 2. d4 d5 3. e3 Bf5 4. Ne5 c6 5. Bd3 Bxd3 6. Nxd3 e6 7. O-O c5 8.
Nxc5 b6 9. Nb7 Qc7 10. Qd3 Qxb7 11. Nd2 Be7 12. Qb5+ Nc6 13. c4 O-O 14. cxd5
exd5 15. Nf3 Bd6 16. Qd3 Qc7 17. g3 Ne4 18. Qc2 Rfe8 19. Ne5 Bxe5 20. dxe5 Rxe5
21. f4 Re6 22. f5 Rh6 23. Qe2 Re8 24. Qg4 Nf6 25. Qg5 Qd7 26. Bd2 d4 27. exd4
Qxd4+ 28. Kg2 Ne4 29. f6 Nxg5 30. Bxg5 Re2+ 31. Kf3 Qe4# 0-1

[Event "Tournoi Skype 020B"]
[Site "Skype"]
[Date "????.??.??"]
[Round "6.30"]
[White "Martin, Elise"]
[Black "Vincent, Andre"]
[Result "0-1"]
[WhiteElo "1038"]
[BlackElo "1386"]
[PlyCount "88"]

1. e4 e5 2. Nf3 d6 3. d4 exd4 4. Nxd4 Nf6 5. Qf3 Bg4 6. Qg3 c5 7. Nb5 Nc6 8.
Bd3 a6 9. N5c3 Nb4 10. O-O Rc8 11. Re1 c4 12. Na4 cxd3 13. cxd3 Nc2 14. Rd1
Bxd1 15. Bg5 Nxa1 16. Nbc3 Bxa4 17. Nxa4 Rc2 18. h3 Be7 19. Kh2 b5 20. Nc3 Rxb2
21. Nd1 Rxa2 22. Qe3 Qc7 23. d4 Nc2 24. Qd2 a5 25. d5 Nxe4 26. Qd3 Nxg5 27. Qb3
Ra1 28. Ne3 Nxe3 29. fxe3 O-O 30. Qxb5 a4 31. e4 Nxe4 32. Qe2 Nf6 33. Qb2 Qc1
34. Qxc1 Rxc1 35. h4 Nxd5 36. Kh3 Bf6 37. g3 Re8 38. Kg4 g6 39. h5 Re4+ 40. Kh3
gxh5 41. g4 Re3+ 42. Kg2 Rc2+ 43. Kf1 Ra3 44. gxh5 Ra1# 0-1

[Event "Tournoi Skype 020B"]
[Site "Skype"]
[Date "????.??.??"]
[Round "6.31"]
[White "Marty, Yvette"]
[Black "Lequeux, Pierre"]
[Result "0-1"]
[WhiteElo "1000"]
[BlackElo "1180"]
[PlyCount "40"]

1. e4 e5 2. Nf3 Nf6 3. c4 Be7 4. Nc3 d6 5. d4 Nc6 6. d5 Nb4 7. a3 Na6 8. Be2 c6
9. O-O Bd7 10. Bg5 h6 11. Bh4 O-O 12. Na4 cxd5 13. cxd5 Qe8 14. Nc3 Nc5 15. Rc1
Ncxe4 16. Nxe4 Nxe4 17. Bd3 Nc5 18. Rxc5 dxc5 19. Bh7+ Kxh7 20. Qd3+ f5 0-1

[Event "Tournoi Skype 020B"]
[Site "Skype"]
[Date "????.??.??"]
[Round "6.32"]
[White "Mimouni, Driss"]
[Black "Balasana"]
[Result "0-1"]
[WhiteElo "1000"]
[BlackElo "1000"]
[PlyCount "70"]

1. e4 c5 2. Bc4 e6 3. Nf3 d6 4. d3 Be7 5. Bg5 Bxg5 6. Nxg5 Qxg5 7. g3 Nc6 8. f4
Qh6 9. e5 dxe5 10. fxe5 Nxe5 11. Bb5+ Nc6 12. Nd2 a6 13. Ba4 Qe3+ 14. Qe2 Qxe2+
15. Kxe2 Nf6 16. Nc4 b5 17. Nb6 Nd4+ 18. Kd1 Rb8 19. Nxc8 Rxc8 20. c3 bxa4 21.
cxd4 cxd4 22. b4 axb3 23. axb3 Rc6 24. b4 O-O 25. Kd2 Nd5 26. Rhb1 Nc3 27. Rc1
f5 28. h4 Rb8 29. Ra4 Rb5 30. Ra5 Rxb4 31. Ke1 Rb2 32. Kf1 Rcb6 33. Raa1 Rh2
34. Re1 Rbb2 35. Rxa6 Rh1# 0-1

[Event "Tournoi Skype 020B"]
[Site "Skype"]
[Date "????.??.??"]
[Round "6.33"]
[White "Gagnon, Sindy"]
[Black "Schnell, Nicolas"]
[Result "1-0"]
[WhiteElo "1000"]
[BlackElo "1000"]
[PlyCount "45"]

1. e4 d5 2. Nc3 e6 3. Bd3 Bc5 4. Be2 Qf6 5. Nf3 e5 6. exd5 Nh6 7. d3 Ng4 8. Qd2
Bxf2+ 9. Kd1 Nd7 10. Ne4 Qb6 11. Qg5 Ne3+ 12. Bxe3 Qxb2 13. Rc1 h6 14. Qg4 Nf6
15. Qxg7 Rg8 16. Qxf6 Bxe3 17. Ned2 e4 18. Qxb2 Rxg2 19. Qe5+ Kd8 20. Qxe4 Bg4
21. Qxe3 Bh3 22. Qxh6 Bd7 23. Qf8+ 1-0

[Event "Tournoi Skype 020B"]
[Site "Skype"]
[Date "????.??.??"]
[Round "7.1"]
[White "Gerbaux, Regis"]
[Black "Diaz, Jose Garcia"]
[Result "0-1"]
[WhiteElo "1505"]
[BlackElo "1251"]
[PlyCount "98"]

1. e4 e5 2. Nf3 Nc6 3. Bc4 h6 4. Nc3 a6 5. d3 Nf6 6. O-O Bb4 7. Bd2 O-O 8. a3
Bc5 9. Nh4 Nd4 10. Be3 c6 11. Nf3 d5 12. h3 dxc4 13. Nxe5 Qe7 14. Nxc4 b5 15.
Na5 Qc7 16. b4 Bb6 17. Nb3 Nxb3 18. Bxb6 Qxb6 19. cxb3 Be6 20. e5 Nd5 21. Nxd5
Bxd5 22. Rc1 Qd8 23. a4 Qg5 24. Qg4 Qxe5 25. d4 Qe4 26. Rfe1 Qxg4 27. hxg4 Bxb3
28. axb5 axb5 29. Rxc6 Rac8 30. Rb6 Bc4 31. Re5 Rfd8 32. d5 Rxd5 33. Rxd5 Bxd5
34. Rxb5 Be6 35. g5 hxg5 36. Rxg5 Rb8 37. f4 g6 38. g4 Kf8 39. f5 gxf5 40. Rh5
Rxb4 41. gxf5 Rg4+ 42. Kf2 Rf4+ 43. Ke3 Rxf5 44. Rxf5 Bxf5 45. Kf4 Be6 46. Ke5
Ke7 47. Ke4 Kf6 48. Kf4 Bd5 49. Kg4 Ke5 0-1

[Event "Tournoi Skype 020B"]
[Site "Skype"]
[Date "????.??.??"]
[Round "7.3"]
[White "Khunte, Aniruddha"]
[Black "Escudero Ocana, Francisco"]
[Result "1-0"]
[WhiteElo "1000"]
[BlackElo "1446"]
[PlyCount "81"]

1. e4 e5 2. Nf3 d6 3. Nc3 c5 4. Bc4 Nf6 5. O-O h6 6. h3 Nc6 7. Bb5 Bd7 8. a3
Qb6 9. b4 Nxe4 10. Nd5 Qd8 11. bxc5 Nxc5 12. d3 Be6 13. Nb4 Qc7 14. d4 a6 15.
Bxc6+ bxc6 16. dxc5 d5 17. Re1 e4 18. Nd4 Bd7 19. Qe2 Bxc5 20. Nxa6 Qa5 21.
Nxc5 Qxc5 22. Nb3 Qd6 23. c4 Rb8 24. Nd2 f5 25. cxd5 cxd5 26. f3 O-O 27. fxe4
dxe4 28. Nc4 Qd5 29. Rd1 Qe6 30. Rd6 Qe7 31. Bf4 Rb3 32. Rad1 Bb5 33. Rg6 Rxa3
34. Bxh6 Qc5+ 35. Kh1 Ra7 36. Qh5 Qxc4 37. Qg5 Rff7 38. Rd8+ Kh7 39. Bxg7 Qf1+
40. Kh2 f4 41. Qh6# 1-0

[Event "Tournoi Skype 020B"]
[Site "Skype"]
[Date "????.??.??"]
[Round "7.4"]
[White "Mordaa, Ahmad"]
[Black "Briere, Jean"]
[Result "1-0"]
[WhiteElo "1413"]
[BlackElo "1390"]
[PlyCount "81"]

1. e4 e5 2. Nf3 Nc6 3. Bc4 Nf6 4. d3 Bc5 5. O-O O-O 6. h3 d6 7. c3 Be6 8. Bxe6
fxe6 9. Ng5 Qe8 10. Qb3 Na5 11. Qxe6+ Qxe6 12. Nxe6 Rf7 13. Ng5 h6 14. Nxf7
Kxf7 15. b4 Bxf2+ 16. Rxf2 Nc6 17. Be3 b6 18. Nd2 Ke6 19. a3 Rd8 20. Raf1 Ne7
21. Bxh6 gxh6 22. Rxf6+ Kd7 23. Rxh6 Re8 24. Rf7 a6 25. d4 Kd8 26. d5 a5 27.
Nf3 axb4 28. axb4 b5 29. Rhh7 c6 30. dxc6 Nxc6 31. Rd7+ Kc8 32. Rc7+ Kb8 33.
Rxc6 Rd8 34. Rb6+ Ka8 35. Rxb5 Rf8 36. Ra5+ Kb8 37. b5 Rc8 38. Ra3 Rc7 39. Rxc7
Kxc7 40. Ra6 Kb7 41. h4 1-0

[Event "Tournoi Skype 020B"]
[Site "Skype"]
[Date "????.??.??"]
[Round "7.5"]
[White "Aceituno, Stebe"]
[Black "Jogi, Kalpesh"]
[Result "0-1"]
[WhiteElo "1491"]
[BlackElo "1000"]
[PlyCount "126"]

1. e4 e5 2. Nf3 Nc6 3. Bc4 Bc5 4. O-O Nf6 5. d3 Nxe4 6. dxe4 O-O 7. Nc3 h6 8.
Qe2 a6 9. Be3 d6 10. h3 Ne7 11. Rad1 Bxe3 12. Qxe3 Nc6 13. a3 Qe7 14. Nd5 Qd7
15. Nb4 Qe8 16. Nxc6 Qxc6 17. Bb3 Qe8 18. Nh4 Be6 19. Nf5 Bxb3 20. Qxb3 Rb8 21.
Qg3 g6 22. Nxh6+ Kh7 23. Ng4 f5 24. Qh4+ Kg7 25. Qh6+ Kg8 26. exf5 Rxf5 27. Ne3
Rh5 28. Qxh5 gxh5 29. Nd5 Qf7 30. Rd3 Kh8 31. Nc3 Rg8 32. Rg3 Re8 33. Ne4 Qf5
34. f3 d5 35. Rg5 Qf7 36. Ng3 Qf4 37. Rxh5+ Kg8 38. Nf5 Re6 39. g3 Qd2 40. Rf2
Qe1+ 41. Kg2 e4 42. fxe4 Qxe4+ 43. Kh2 Qe1 44. Kg2 Re2 45. Rg5+ Kh8 46. Rh5+
Kg8 47. Nh6+ Kg7 48. Rhf5 Kxh6 49. g4 Rxf2+ 50. Rxf2 Qe4+ 51. Kg3 Qe3+ 52. Rf3
Qe1+ 53. Kg2 Qe4 54. c3 c5 55. Kg3 d4 56. Rf4 Qe3+ 57. Rf3 Qe1+ 58. Kf4 Qd2+
59. Ke4 Qe2+ 60. Kf4 d3 61. g5+ Kg6 62. Re3 Qf2+ 63. Ke4 d2 0-1

[Event "Tournoi Skype 020B"]
[Site "Skype"]
[Date "????.??.??"]
[Round "7.6"]
[White "Malbec, Robert"]
[Black "Dubois, Real"]
[Result "1-0"]
[WhiteElo "1477"]
[BlackElo "1381"]
[PlyCount "113"]

1. e4 e6 2. d4 c6 3. Nf3 Nf6 4. Bg5 Be7 5. Nc3 d6 6. Bd3 Qc7 7. O-O O-O 8. Re1
Ne8 9. Bf4 Nd7 10. e5 dxe5 11. dxe5 Bc5 12. Qe2 b5 13. Ng5 g6 14. Nge4 Be7 15.
Ng3 Bb7 16. Bh6 Ng7 17. Qe3 a6 18. h3 Rfe8 19. Bxg7 Kxg7 20. Nf1 Nc5 21. Nh2
Nxd3 22. cxd3 h5 23. g4 Rh8 24. g5 Qd8 25. h4 c5 26. Rad1 Rc8 27. Qf4 b4 28.
Ne4 Bxe4 29. Re3 Bf5 30. Nf3 c4 31. Nd4 Qc7 32. Nxf5+ exf5 33. Rc1 Qb6 34. dxc4
Qe6 35. b3 Rhd8 36. Qg3 Bc5 37. Re2 Rd4 38. Kf1 Rcd8 39. Ree1 Rd2 40. Re2 Rxe2
41. Kxe2 Rd4 42. f3 Qd7 43. Qe1 Rd2+ 44. Qxd2 Qxd2+ 45. Kxd2 Kf8 46. f4 Ke7 47.
Re1 Ke6 48. Kc2 Bf2 49. Rh1 Be3 50. Rf1 Bc5 51. Kd3 Bb6 52. Ke2 Bd4 53. Rd1 Bc5
54. Rd8 Be7 55. Ra8 Bc5 56. Rxa6+ Bd6 57. Rxd6+ 1-0

[Event "Tournoi Skype 020B"]
[Site "Skype"]
[Date "????.??.??"]
[Round "7.7"]
[White "Dhenain, Sebastien"]
[Black "Kruk, Clementine"]
[Result "0-1"]
[WhiteElo "1230"]
[BlackElo "1443"]
[PlyCount "66"]

1. e4 e5 2. Nf3 Nc6 3. d4 exd4 4. Nxd4 Bc5 5. Nxc6 bxc6 6. Bc4 Nf6 7. Nc3 d6 8.
Bg5 h6 9. Bh4 Qe7 10. O-O Bg4 11. Qe1 Bb4 12. h3 Bxc3 13. bxc3 Be6 14. Bxf6
Qxf6 15. Bxe6 Qxe6 16. Qb1 Kd7 17. Re1 Rab8 18. Qd1 Rb2 19. e5 Qd5 20. Qg4+ Kd8
21. Qxg7 Re8 22. Rab1 Rxc2 23. Rb8+ Kd7 24. Qg4+ Qe6 25. Qxe6+ Rxe6 26. Rbb1
Rxa2 27. Rbd1 d5 28. c4 Ra5 29. Re4 f6 30. cxd5 cxd5 31. f4 fxe5 32. fxe5 Ke7
33. Rde1 dxe4 0-1

[Event "Tournoi Skype 020B"]
[Site "Skype"]
[Date "????.??.??"]
[Round "7.8"]
[White "Kruzeniski, Randy"]
[Black "Vervoort, Jean-Louis"]
[Result "1-0"]
[WhiteElo "1425"]
[BlackElo "1209"]
[PlyCount "51"]

1. d4 d5 2. Bf4 Bf5 3. e3 e6 4. Nf3 Nf6 5. Be2 Bb4+ 6. c3 Ba5 7. b4 Bb6 8. a4
a6 9. a5 Ba7 10. h3 O-O 11. Ne5 Nc6 12. Nxc6 bxc6 13. Nd2 Nh5 14. Bxh5 g6 15.
Be2 Rb8 16. O-O f6 17. g4 Bxg4 18. hxg4 Re8 19. Nf3 Kh8 20. Bxa6 f5 21. g5 h6
22. gxh6 Rf8 23. Kg2 Kh7 24. Rh1 Qf6 25. Ng5+ Kh8 26. Be5 1-0

[Event "Tournoi Skype 020B"]
[Site "Skype"]
[Date "????.??.??"]
[Round "7.9"]
[White "Chavero, Victor"]
[Black "Sommadossi, Roberto"]
[Result "1-0"]
[WhiteElo "1376"]
[BlackElo "1423"]
[PlyCount "35"]

1. d4 d5 2. Nf3 Nf6 3. e3 Bg4 4. Be2 e6 5. O-O Bd6 6. Nbd2 O-O 7. h3 Bh5 8. b3
Nc6 9. Bb2 Bg6 10. Ne5 Nxe5 11. dxe5 Ne4 12. exd6 Nxd6 13. Nf3 Be4 14. c4 Nf5
15. Bd3 Bxf3 16. Qxf3 Nh4 17. Qg3 dxc4 18. Qxg7# 1-0

[Event "Tournoi Skype 020B"]
[Site "Skype"]
[Date "????.??.??"]
[Round "7.10"]
[White "Zenini, Simone"]
[Black "Delmonte, Davide"]
[Result "0-1"]
[WhiteElo "1420"]
[BlackElo "1195"]
[PlyCount "32"]

1. d4 e6 2. Nf3 Nf6 3. Bf4 c5 4. e3 Be7 5. Bd3 Qb6 6. b3 cxd4 7. Nxd4 e5 8.
Bxe5 Qa5+ 9. c3 Qxe5 10. Nd2 O-O 11. Nc4 Qc7 12. O-O d5 13. Nb5 Qc5 14. Nd2 a6
15. b4 Qc6 16. Nd4 Qxc3 0-1

[Event "Tournoi Skype 020B"]
[Site "Skype"]
[Date "????.??.??"]
[Round "7.11"]
[White "Vello, Pablo"]
[Black "Marino, Giuseppe"]
[Result "1/2-1/2"]
[WhiteElo "1289"]
[BlackElo "1418"]
[PlyCount "90"]

1. d4 d5 2. Nf3 Nf6 3. Bf4 e6 4. h3 Bd6 5. Bxd6 Qxd6 6. e3 O-O 7. Bd3 Nbd7 8.
Nbd2 e5 9. dxe5 Nxe5 10. Nxe5 Qxe5 11. c3 Re8 12. O-O c5 13. Nf3 Qd6 14. Re1 c4
15. Bc2 Qe6 16. Nd4 Qd6 17. Qf3 Ne4 18. Bxe4 dxe4 19. Qe2 Qc5 20. Red1 Bd7 21.
Nc2 Rad8 22. Rd4 b5 23. Rad1 Re7 24. Ne1 g6 25. Rd5 Qc6 26. Nc2 a5 27. Rd6 Qc7
28. R1d5 Re6 29. Qd2 Kf8 30. Rxd7 Rxd7 31. Rxd7 Qc5 32. Rd8+ Re8 33. Qd6+ Qxd6
34. Rxd6 Ke7 35. Rd4 f5 36. Rd5 Rb8 37. Nd4 b4 38. Rxa5 bxc3 39. bxc3 Rb1+ 40.
Kh2 Rc1 41. Ra7+ Kf6 42. Ra3 f4 43. Ra6+ Ke7 44. Ra3 fxe3 45. fxe3 Rd1 1/2-1/2

[Event "Tournoi Skype 020B"]
[Site "Skype"]
[Date "????.??.??"]
[Round "7.12"]
[White "Gieschen, Mike"]
[Black "Junqueira, Leonardo De Faria"]
[Result "1/2-1/2"]
[WhiteElo "1212"]
[BlackElo "1489"]
[PlyCount "73"]

1. Nf3 Nc6 2. e4 e5 3. c3 Nf6 4. Qc2 d6 5. d4 exd4 6. cxd4 Bg4 7. Nbd2 Qe7 8.
Bd3 Nb4 9. Qa4+ Nc6 10. O-O Qd7 11. Qc2 Be7 12. b3 O-O 13. Bb2 Nb4 14. Qc4 d5
15. Qc3 Nxd3 16. Qxd3 dxe4 17. Nxe4 Nxe4 18. Qxe4 Bf6 19. Rfd1 c6 20. Ne1 Bxd1
21. Rxd1 Rfe8 22. Qd3 Qe7 23. Kf1 Rad8 24. Nf3 a6 25. Re1 Qb4 26. Rd1 Qb5 27.
Qxb5 axb5 28. b4 Re4 29. Re1 Rde8 30. a3 Rxe1+ 31. Nxe1 Rc8 32. Nd3 Be7 33. f3
Bd6 34. h3 Re8 35. Kf2 f5 36. f4 h6 37. g3 1/2-1/2

[Event "Tournoi Skype 020B"]
[Site "Skype"]
[Date "????.??.??"]
[Round "7.13"]
[White "Hargez, Dany"]
[Black "Guillaume, Mickael"]
[Result "1-0"]
[WhiteElo "1462"]
[BlackElo "1353"]
[PlyCount "59"]

1. e4 e5 2. Bc4 Be7 3. Nf3 Nc6 4. c3 a6 5. d4 exd4 6. cxd4 d6 7. Nc3 h6 8. d5
Ne5 9. Nxe5 dxe5 10. O-O Qd6 11. Be2 Qg6 12. Bh5 Qf6 13. Be3 g6 14. Bg4 Bxg4
15. Qxg4 h5 16. Qd1 b5 17. f4 Bd6 18. f5 Nh6 19. fxg6 Qxg6 20. Rf3 h4 21. h3
Rg8 22. Qe2 Rg7 23. Kh2 b4 24. Bxh6 Qxh6 25. Nd1 Ke7 26. Ne3 Rg5 27. Nf5+ Rxf5
28. Rxf5 a5 29. Qg4 Rg8 30. Qxg8 1-0

[Event "Tournoi Skype 020B"]
[Site "Skype"]
[Date "????.??.??"]
[Round "7.14"]
[White "Bustos, Ricardo"]
[Black "De Nobrega, George"]
[Result "0-1"]
[WhiteElo "1318"]
[BlackElo "1435"]
[PlyCount "76"]

1. d4 Nf6 2. Bf4 d5 3. e3 Nc6 4. Nf3 e6 5. Bd3 Bd6 6. Ne5 Nb4 7. Be2 h6 8. h3
Bxe5 9. dxe5 Nh7 10. c3 Nc6 11. Nd2 b6 12. e4 Bb7 13. exd5 Qxd5 14. Bf3 Qb5 15.
Qb3 Qxb3 16. Nxb3 Rb8 17. O-O O-O 18. Rfd1 Rfd8 19. Nd4 Nxd4 20. Rxd4 Rxd4 21.
cxd4 Bxf3 22. gxf3 Rd8 23. Be3 Nf8 24. b3 Kh7 25. a4 a5 26. Rc1 Rd7 27. f4 Kg6
28. Kg2 f6 29. exf6 Kxf6 30. Kg3 Kf5 31. f3 Nh7 32. Bg1 g5 33. fxg5 Nxg5 34. h4
Nf7 35. Rd1 Nd8 36. h5 Rg7+ 37. Kh4 Kf4 38. Rd3 Rxg1 0-1

[Event "Tournoi Skype 020B"]
[Site "Skype"]
[Date "????.??.??"]
[Round "7.15"]
[White "Bhandari, Dattatrey"]
[Black "Levantini, Claudio"]
[Result "0-1"]
[WhiteElo "1361"]
[BlackElo "1242"]
[PlyCount "134"]

1. e4 e5 2. Nf3 Nc6 3. Bb5 a6 4. Bxc6 dxc6 5. d3 Bg4 6. Nbd2 Bd6 7. h3 Bh5 8.
g4 Bg6 9. h4 f6 10. h5 Bf7 11. Nh4 Ne7 12. Ndf3 Qd7 13. Rg1 O-O-O 14. Bd2 Be6
15. Nh2 g5 16. Ng2 Bc5 17. b4 Ba7 18. Qf3 Rhf8 19. a4 Ng8 20. b5 cxb5 21. axb5
Qxb5 22. Ra5 Qb1+ 23. Qd1 Qxd1+ 24. Kxd1 Bxf2 25. Rf1 Bb6 26. Ra3 Nh6 27. Bb4
Rf7 28. Ne1 Nxg4 29. Nxg4 Bxg4+ 30. Kd2 Bxh5 31. Ng2 Bg6 32. Kc3 f5 33. Ba5
fxe4 34. Rxf7 Bxf7 35. Bxb6 cxb6 36. dxe4 Rd4 37. Kb2 Rxe4 38. Rh3 Bg6 39. Ne3
h5 40. Rf3 Rf4 41. Rg3 g4 42. Nd5 Rf3 43. Rg1 b5 44. Ne7+ Kb8 45. Nxg6 e4 46.
Nh4 Rh3 47. Ng2 e3 48. Nf4 Rh2 49. Nxh5 Rxh5 50. Rxg4 Rh1 51. Re4 Re1 52. Kc3
e2 53. Kd2 Ra1 54. Rxe2 a5 55. Re6 Ka7 56. Kc3 Ra3+ 57. Kd4 b4 58. Re5 b6 59.
Re7+ Ka6 60. Kd5 Rc3 61. Re2 a4 62. Re8 Rxc2 63. Ra8+ Kb5 64. Kd4 b3 65. Kd3
Kb4 66. Rd8 Rc4 67. Rb8 b5 0-1

[Event "Tournoi Skype 020B"]
[Site "Skype"]
[Date "????.??.??"]
[Round "7.16"]
[White "Ramirez Reina, Orlando"]
[Black "Bacha, Mehdi"]
[Result "1-0"]
[WhiteElo "1372"]
[BlackElo "1030"]
[PlyCount "64"]

1. e4 e5 2. Nf3 Nf6 3. Bc4 Bd6 4. d3 O-O 5. O-O Nc6 6. c3 b6 7. Bb3 Bb7 8. Nbd2
Bc5 9. Nc4 Ng4 10. h3 Bxf2+ 11. Rxf2 Nxf2 12. Kxf2 Qe7 13. Be3 h6 14. Kg1 Rad8
15. Ncd2 Ba6 16. Qe2 Qd6 17. c4 Nd4 18. Nxd4 exd4 19. Bf2 Rfe8 20. Re1 Re5 21.
Nf3 Ree8 22. Bxd4 c5 23. Bc3 Qe7 24. Qd2 f6 25. Nh4 Qd6 26. Nf5 Qb8 27. d4 d6
28. d5 b5 29. Qf2 g5 30. Nxh6+ Kg7 31. Qxf6+ Kh7 32. Nf5 Rg8 1-0

[Event "Tournoi Skype 020B"]
[Site "Skype"]
[Date "????.??.??"]
[Round "7.17"]
[White "Khatanhar, Mohit"]
[Black "Maccaferri, Massimo"]
[Result "1-0"]
[WhiteElo "1369"]
[BlackElo "1261"]
[PlyCount "49"]

1. e4 e5 2. Bc4 Nc6 3. Qh5 Qe7 4. a3 Nf6 5. Qe2 Nd4 6. Qd1 d6 7. d3 h5 8. h3 h4
9. Nf3 Be6 10. Bxe6 Qxe6 11. Be3 Nxf3+ 12. Qxf3 d5 13. exd5 Nxd5 14. O-O e4 15.
dxe4 Bd6 16. exd5 Qe5 17. Re1 Qh2+ 18. Kf1 O-O 19. Nd2 Rae8 20. Qd1 Qh1+ 21.
Ke2 Qxg2 22. Rg1 Qxh3 23. Nf3 f5 24. Qd4 Re4 25. Qxg7# 1-0

[Event "Tournoi Skype 020B"]
[Site "Skype"]
[Date "????.??.??"]
[Round "7.18"]
[White "Battaglia, Gabriele"]
[Black "Tekes, Gamze"]
[Result "1-0"]
[WhiteElo "1360"]
[BlackElo "1007"]
[PlyCount "51"]

1. e4 e5 2. Nf3 Nf6 3. d3 Nc6 4. Bg5 d6 5. Be2 Be6 6. O-O Qd7 7. Bxf6 gxf6 8.
Qd2 O-O-O 9. Nc3 Rg8 10. Nh4 Bh3 11. Kh1 Bxg2+ 12. Nxg2 Qh3 13. Rg1 Be7 14. Qe3
Qxe3 15. Nxe3 Rh8 16. Ncd5 Nd4 17. Nxe7+ Kd7 18. Rae1 Kxe7 19. c3 Ne6 20. Nd5+
Kd7 21. Nxf6+ Kc6 22. Ng4 Nf4 23. Nh6 Rdf8 24. Rg4 Nh3 25. Kg2 Nf4+ 26. Kf3 1-0

[Event "Tournoi Skype 020B"]
[Site "Skype"]
[Date "????.??.??"]
[Round "7.19"]
[White "Codina, Teresa"]
[Black "Torres, Vicky"]
[Result "1-0"]
[WhiteElo "1283"]
[BlackElo "1359"]
[PlyCount "23"]

1. e4 c5 2. Nf3 e6 3. c3 d5 4. exd5 exd5 5. d4 Nf6 6. Bb5+ Nbd7 7. Bg5 a6 8.
Bxd7+ Bxd7 9. O-O Qb6 10. Qd2 Ne4 11. Re1 Be6 12. Qc2 1-0

[Event "Tournoi Skype 020B"]
[Site "Skype"]
[Date "????.??.??"]
[Round "7.20"]
[White "Porcabeuf, Jean-Marc"]
[Black "Erten, Ozlem"]
[Result "0-1"]
[WhiteElo "1337"]
[BlackElo "1015"]
[PlyCount "62"]

1. d4 d5 2. e3 Nf6 3. Bd3 Nbd7 4. Nf3 e6 5. O-O Bd6 6. Re1 e5 7. dxe5 Nxe5 8.
Nxe5 Bxe5 9. c3 O-O 10. Nd2 Re8 11. Nf3 Bg4 12. e4 d4 13. cxd4 Bxd4 14. h3 Bh5
15. g4 Bg6 16. Bf4 c6 17. Qd2 Qb6 18. Re2 Nxe4 19. Bxe4 Rxe4 20. Rxe4 Bxe4 21.
Nxd4 Rd8 22. Be3 c5 23. Qc3 cxd4 24. Bxd4 Rxd4 25. Re1 Qd8 26. Kh2 Qd6+ 27. Kg1
h6 28. Rxe4 Rxe4 29. Qc8+ Kh7 30. Qf5+ Qg6 31. Qxg6+ Kxg6 0-1

[Event "Tournoi Skype 020B"]
[Site "Skype"]
[Date "????.??.??"]
[Round "7.23"]
[White "Vincent, Andre"]
[Black "Amato, Ludovica"]
[Result "1/2-1/2"]
[WhiteElo "1386"]
[BlackElo "1198"]
[PlyCount "43"]

1. Nf3 d5 2. d4 c6 3. Bf4 Nf6 4. e3 Bf5 5. Nc3 e6 6. a3 c5 7. Be2 Nc6 8. O-O
cxd4 9. exd4 a6 10. Re1 Be7 11. Ne5 Ne4 12. Bf3 Nxc3 13. bxc3 O-O 14. Qe2 Re8
15. Reb1 Nxe5 16. Bxe5 b5 17. g4 Bg6 18. Bg3 Rc8 19. Rb3 h6 20. h3 Bf6 21. Rd1
Qe7 22. Be5 1/2-1/2

[Event "Tournoi Skype 020B"]
[Site "Skype"]
[Date "????.??.??"]
[Round "7.24"]
[White "Homme, Jim"]
[Black "Hernandez Lopez, Joaquin"]
[Result "1-0"]
[WhiteElo "1204"]
[BlackElo "1289"]
[PlyCount "25"]

1. d4 d5 2. Nf3 e6 3. e3 Nf6 4. Bd3 Be7 5. O-O O-O 6. Nbd2 Nbd7 7. Re1 Bb4 8.
c3 Ba5 9. e4 Bb6 10. e5 c6 11. exf6 Qxf6 12. Nb3 Re8 13. Bg5 1-0

[Event "Tournoi Skype 020B"]
[Site "Skype"]
[Date "????.??.??"]
[Round "7.25"]
[White "Lequeux, Pierre"]
[Black "Lemoine, Gerard"]
[Result "0-1"]
[WhiteElo "1180"]
[BlackElo "1297"]
[PlyCount "42"]

1. Nf3 d5 2. d4 e6 3. a3 c5 4. c3 Bd7 5. e3 Nf6 6. Be2 Be7 7. O-O O-O 8. c4 a6
9. cxd5 Nxd5 10. Bd2 Bb5 11. a4 Bxe2 12. Qxe2 Nc6 13. Nc3 Nf6 14. Ne5 cxd4 15.
Nxc6 bxc6 16. Nd1 Ne4 17. f3 dxe3 18. Bc3 Nxc3 19. bxc3 Bc5 20. c4 Qd2 21. Rb1
Qxe2 0-1

[Event "Tournoi Skype 020B"]
[Site "Skype"]
[Date "????.??.??"]
[Round "7.26"]
[White "Bucherie, Volcy"]
[Black "Baker, Abi"]
[Result "0-1"]
[WhiteElo "1236"]
[BlackElo "1118"]
[PlyCount "94"]

1. d4 d5 2. c4 Nc6 3. Nc3 g6 4. Nf3 Bg7 5. Bg5 h6 6. e3 hxg5 7. Nxg5 Rh5 8. Nf3
Be6 9. Be2 dxc4 10. O-O Qd7 11. Qd2 O-O-O 12. Rfd1 Bg4 13. Ne4 e5 14. Ng3 Rh6
15. h3 Bxf3 16. Bxf3 Nxd4 17. exd4 exd4 18. Ne4 f5 19. Nc5 Qb5 20. Bxb7+ Kb8
21. Qg5 Bf6 22. Qf4 Qxc5 23. Qf3 d3 24. Bd5 Bxb2 25. Rab1 c3 26. Rxd3 c2 27.
Rb3+ Qb6 28. Rxb6+ cxb6 29. Qf4+ Kc8 30. Be6+ Kb7 31. Rxb2 Rd1+ 32. Kh2 c1=Q
33. Qf3+ Kc7 34. Bxg8 Rh1+ 35. Kg3 Qxb2 36. Qf4+ Kc6 37. Qc4+ Kd6 38. Qd5+ Ke7
39. Qf7+ Kd6 40. Qf8+ Kc6 41. Qxh6 Qa3+ 42. Kf4 Qxa2 43. Qxg6+ Kc5 44. Bxa2 a5
45. Qxf5+ Kd4 46. Qd5+ Kc3 47. Qc6+ Kb4 0-1

[Event "Tournoi Skype 020B"]
[Site "Skype"]
[Date "????.??.??"]
[Round "7.27"]
[White "Lecluyse, Koenraad"]
[Black "Scata, Laura"]
[Result "0-1"]
[WhiteElo "1208"]
[BlackElo "1058"]
[PlyCount "68"]

1. d4 d5 2. Nf3 Nf6 3. Bf4 Bf5 4. e3 Nc6 5. c3 e6 6. Bd3 Bg6 7. O-O Bxd3 8.
Qxd3 Bd6 9. Bg5 O-O 10. Re1 Re8 11. Nbd2 Ne7 12. e4 h6 13. Bxf6 gxf6 14. Qe3
Ng6 15. Qxh6 Bf4 16. Qh3 Bxd2 17. Nxd2 Kg7 18. Qg3 Qb8 19. e5 fxe5 20. Rxe5 c5
21. Nf3 cxd4 22. cxd4 Qc8 23. Rg5 Kf6 24. Nh4 Qb8 25. Qf3+ Qf4 26. Rf5+ exf5
27. Nxg6 Qxf3 28. gxf3 fxg6 29. Rd1 Re7 30. Kg2 Rae8 31. Rd3 g5 32. Kg3 f4+ 33.
Kg4 Rh8 34. h3 Rh4# 0-1

[Event "Tournoi Skype 020B"]
[Site "Skype"]
[Date "????.??.??"]
[Round "7.29"]
[White "Douichi, Mohammed"]
[Black "Gagnon, Sindy"]
[Result "1-0"]
[WhiteElo "1192"]
[BlackElo "1000"]
[PlyCount "71"]

1. e4 Nc6 2. Bc4 e6 3. Nf3 Be7 4. d4 Nf6 5. e5 Ne4 6. Bd3 Nd6 7. exd6 cxd6 8.
O-O e5 9. d5 Nb4 10. c3 Nxd5 11. Bc4 f6 12. Bxd5 e4 13. Bxe4 d5 14. Qxd5 d6 15.
Qh5+ Kd7 16. Bf5+ Kc7 17. Nd4 d5 18. Ne6+ Kc6 19. Nxd8+ Kc7 20. Ne6+ Kd6 21.
Qf7 Bxe6 22. Qxe6+ Kc7 23. Qxe7+ Kc6 24. Qxg7 Rhd8 25. Qxf6+ Kc5 26. Qd4+ Kd6
27. Be4 Ke6 28. Bxh7 Kf7 29. Bg5 Rf8 30. Qxd5+ Kg7 31. Qd7+ Kh8 32. Nd2 a5 33.
Nf3 Ra6 34. Qe7 Rc8 35. Qxb7 Raa8 36. Bf6# 1-0

[Event "Tournoi Skype 020B"]
[Site "Skype"]
[Date "????.??.??"]
[Round "7.30"]
[White "Balasana"]
[Black "Alverson, Ginny"]
[Result "1-0"]
[WhiteElo "1000"]
[BlackElo "1146"]
[PlyCount "111"]

1. d4 Nf6 2. c4 d5 3. Nf3 dxc4 4. Ne5 Be6 5. e4 Nxe4 6. Bxc4 Qd6 7. Bxe6 Qxe6
8. O-O Nc6 9. d5 Qxe5 10. dxc6 bxc6 11. Re1 Qf5 12. Qc2 Qxf2+ 13. Qxf2 Nxf2 14.
Kxf2 Rd8 15. Nc3 Rd3 16. Ke2 Rd4 17. a3 Rg4 18. Kf3 Rg6 19. g3 Rf6+ 20. Bf4 e5
21. Rxe5+ Be7 22. Rc1 Rg8 23. Ne4 Re6 24. Rxe6 fxe6 25. Rxc6 Kd7 26. Rxc7+ Ke8
27. Rc8+ Bd8 28. Bg5 Rf8+ 29. Ke3 Kd7 30. Ra8 Bb6+ 31. Kd3 Rxa8 32. Bf4 Rf8 33.
h4 Kc6 34. Ng5 Rd8+ 35. Ke4 Rd4+ 36. Ke5 Rd5+ 37. Kxe6 h6 38. Nf3 Rd3 39. Ne5+
Kb5 40. Nxd3 Kc4 41. Nc1 Bd4 42. b3+ Kc3 43. Ne2+ Kd3 44. Nxd4 Kxd4 45. b4 Ke4
46. h5 Kf3 47. Kf7 Kg4 48. Kxg7 Kxh5 49. Bxh6 a6 50. a4 Kg4 51. Bf4 Kf5 52. Kf7
Ke4 53. Ke6 Kf3 54. Kd5 Kg4 55. Kc6 Kf5 56. Kb6 1-0